عرض عادي
عرض مارك
- Optics.
مدخل مصطلح موضوعي
001 - رقم الضبط
- حقل الضبط: 50095
003 - معرف رقم الضبط
- حقل الضبط: OSt
005 - تاريخ ووقت أخر عملية
- حقل الضبط: 20150730013040.0
008 - عناصر بيانات ثابتة الطول
- حقل تحكم ثابت الطول: 150730|| aca||aabn | a|a d
040 ## - مصدر الفهرسة
- هيئة الفهرسة الأصلية: OSt
- وكالة الكتابة: OSt
150 ## - مدخل-- مصطلح تاريخي
- عنصر مدخل المصطلح الموضوعي او الاسم الجغرافي: Optics.
670 ## - بيانات المصدر موجوده
- الاستشهاد بالمصدر: Work cat.: (OSt)0: Pedrotti, Frank L., 1932- 50094, Introduction to optics., 2014.
